Clubs de Challenger Pro League (2025-2026) - Statistiques

Statistiques générales
  • Ce quiz a été pris 7 fois
  • Le résultat moyen est 12 sur 17
Statistiques - réponses
Province Nom du club % Correct
Liège KAS Eupen
100%
Liège RFC Liège
100%
Flandre Orientale SK Beveren
100%
Anvers SK Lierse
100%
Liège RFC Seraing
86%
Bruxelles RWDM Molenbeek
86%
Limbourg SK Lommel
86%
Flandre Occidentale Club NXT
71%
Limbourg Jong Genk
71%
Flandre Orientale Jong KAA Gent
71%
Flandre Occidentale KV Kortrijk
71%
Limbourg Maasmechelen Patro Eisden
71%
Hainaut Olympic Charleroi
57%
Bruxelles RSCA Futures
57%
Anvers VA Beerschot
57%
Hainaut Francs Borins
29%
Flandre Orientale KSC Lokeren-Temse
29%
Aucun quiz correspondant
Distribution des résultats
% des personnes avec chaque résultat
Percentile par nombre de réponses
Votre historique - résultats
Vous n’avez pas pris ce quiz